|
|
|
|
| LEADER |
01067nam a2200325 4500 |
| 001 |
DLU130147537 |
| 005 |
##20130513 |
| 020 |
# |
# |
|a 97860400455
|
| 040 |
# |
# |
|a DLU
|b vie
|
| 041 |
# |
# |
|a vie
|
| 044 |
# |
# |
|a vn
|
| 082 |
# |
# |
|a 639.2
|b NG-T
|
| 100 |
# |
# |
|a Nguyễn Viết Trung.
|
| 245 |
# |
# |
|a Nghề biển truyền thống ở một số tỉnh ven biển Việt Nam /
|c Nguyễn Viết Trung, Nguyễn Xuân Phong; Hội Văn nghệ Dân gian Việt Nam.
|
| 260 |
# |
# |
|a H. :
|b Thanh niên,
|c 2012.
|
| 300 |
# |
# |
|a 262 tr. :
|b minh hoạ ;
|c 21 cm.
|
| 505 |
# |
# |
|a Phần I. Lưới Đăng - Nghề biển truyền thống ở Khánh Hoà -- Phần II. Dụng cụ và cách đánh bắt thuỷ sản ở Trà Vinh.
|
| 650 |
# |
# |
|a Nghề nghiệp
|z Việt Nam.
|
| 700 |
# |
# |
|a Nguyễn Xuân Phong.
|
| 710 |
# |
# |
|a Hội Văn nghệ Dân gian Việt Nam.
|
| 923 |
# |
# |
|a 09/2012
|
| 992 |
# |
# |
|a 10500
|
| 994 |
# |
# |
|a DLU
|
| 900 |
# |
# |
|a True
|
| 911 |
# |
# |
|a Đào Thị Thu Huyền
|
| 925 |
# |
# |
|a G
|
| 926 |
# |
# |
|a A
|
| 927 |
# |
# |
|a SH
|
| 980 |
# |
# |
|a Thư viện Trường Đại học Đà Lạt
|